| 000 | 01158nabaa22002057a 4500 | ||
|---|---|---|---|
| 999 |
_c6134 _d6134 |
||
| 003 | OSt | ||
| 005 | 20260122223906.0 | ||
| 008 | 190701b xxu||||| |||| 00| 0 spa d | ||
| 040 | _cPJ | ||
| 100 |
_96894 _aCairella, Florencia |
||
| 245 | 1 | 3 |
_aEl contrato de estabilización regulatoria : _buna herramienta para contribuir al desarrollo de la economía argentina / _cFlorencia Cairella, Santiago J. Barbarán |
| 300 | _ap. 22-36 | ||
| 505 | _aSumario: I. Contexto actual: una situación problemática.— II. Breve síntesis del marco normativo de la inversión extranjera. Los regímenes de promoción.— III. El riesgo como carácter de la regulación: el riesgo regulatorio.— IV. La estabilización regulatoria: el contrato de inversión.— V. Propuestas.— VI. Conclusiones. | ||
| 505 | _t¿Te interesa el texto completo? Comunicate al correo: koha@justierradelfuego.gov.ar | ||
| 650 | 0 |
_9211 _aDERECHO ADMINISTRATIVO |
|
| 650 | 0 |
_96430 _aINVERSIONES |
|
| 650 | 0 |
_9582 _aREGULACION ECONOMICA |
|
| 773 | 0 |
_02842 _93251 _dBuenos Aires : AbeledoPerrot, 2012- _oDA121 _tDerecho administrativo. Nº 149 septiembre/octubre 2023 _z18510590 |
|
| 942 |
_2udc _cANA |
||